书目信息 |
| 题名: |
DNA计算模型设计与实现
|
|
| 作者: | 杨静 著 | |
| 分册: | ||
| 出版信息: | 北京 科学出版社 2020.11 |
|
| 页数: | 186页, [14] 页图版 | |
| 开本: | 24cm | |
| 丛书名: | ||
| 单 册: | ||
| 中图分类: | Q523 | |
| 科图分类: | ||
| 主题词: | 脱氧核糖核酸--计算模型 | |
| 电子资源: | ||
| ISBN: | 978-7-03-066474-7 | |
| 000 | 01037nam0 2200241 45 | |
| 001 | 012001002644 | |
| 005 | 20141008095318.0 | |
| 010 | @a978-7-03-066474-7@dCNY119.00 | |
| 100 | @a20210315d2020 em y0chiy50 ea | |
| 101 | 0 | @achi |
| 102 | @aCN@b110000 | |
| 105 | @aaf az 000yy | |
| 106 | @ar | |
| 200 | 1 | @aDNA计算模型设计与实现@ADNA ji suan mo xing she ji yu shi xian@b专著@f杨静著 |
| 210 | @a北京@c科学出版社@d2020.11 | |
| 215 | @a186页, [14] 页图版@c图@d24cm | |
| 320 | @a有书目 (第176-186页) | |
| 330 | @a本书围绕DNA计算领域的前沿热点问题, 结合新型DNA计算模型, 提出了相应的解决方案: 构建了大规模图顶点着色计算模型、基于环形DNA分子的最大团问题计算模型, 并予以实验验证。同时, 利用多种纳米技术, 如链置换及自组装技术, 并结合金颗粒、DNA核酶等纳米材料, 构建了多种DNA分子逻辑电路。本书阐述的内容能够为DNA计算领域的重要热点问题, 以及大规模级联逻辑电路提供新的解决思路。 | |
| 606 | 0 | @a脱氧核糖核酸@x计算模型 |
| 690 | @aQ523@v5 | |
| 701 | 0 | @a杨静@Ayang jing@4著 |
| 801 | 2 | @aCN@bBJSDL@c20211018 |
| 905 | @b1344564-7@dQ523@e336@f4 | |
| DNA计算模型设计与实现/杨静著.-北京:科学出版社,2020.11 |
| 186页, [14] 页图版:图;24cm |
| ISBN 978-7-03-066474-7:CNY119.00 |
| 本书围绕DNA计算领域的前沿热点问题, 结合新型DNA计算模型, 提出了相应的解决方案: 构建了大规模图顶点着色计算模型、基于环形DNA分子的最大团问题计算模型, 并予以实验验证。同时, 利用多种纳米技术, 如链置换及自组装技术, 并结合金颗粒、DNA核酶等纳米材料, 构建了多种DNA分子逻辑电路。本书阐述的内容能够为DNA计算领域的重要热点问题, 以及大规模级联逻辑电路提供新的解决思路。 |
| ● |
| 相关链接 |
|
|
|
|
正题名:DNA计算模型设计与实现
索取号:Q523/336
 
预约/预借
| 序号 | 登录号 | 条形码 | 馆藏地/架位号 | 状态 | 备注 |
| 1 | 1344564 | 213445645 | 第二样本阅览室/ [索取号:Q523/336] | 在馆 | |
| 2 | 1344565 | 213445654 | 第三借阅区/ [索取号:Q523/336] | 在馆 | |
| 3 | 1344566 | 213445663 | 第三借阅区/ [索取号:Q523/336] | 在馆 | |
| 4 | 1344567 | 213445672 | 第三借阅区/ [索取号:Q523/336] | 在馆 |